Yanhuitlán.
Saved in:
| Main Author: | |
|---|---|
| Format: | Book |
| Language: | Spanish |
| Published: |
México,
Instituto Nacional de Antropología e Historia,
1962.
|
| Series: | Departamento de Monumentos Coloniales. [Publicaciones] 15
|
| Subjects: | |
| Tags: |
Add Tag
No Tags, Be the first to tag this record!
|
| LEADER | 01164nam a2200289I 4500 | ||
|---|---|---|---|
| 001 | 005052003-2 | ||
| 005 | 20020606095253.2 | ||
| 008 | 750408s1962 xx 000 0 spa u | ||
| 010 | |a 64047212 | ||
| 035 | 0 | |a ocm01261882 | |
| 040 | |c BOS |d HLS | ||
| 043 | |a n-mx--- | ||
| 050 | |a NA5257.Y3 |b G6 | ||
| 100 | 2 | |a Gorbea Trueba, José. | |
| 245 | 1 | 0 | |a Yanhuitlán. |
| 246 | 3 | |a Iglesia y ex-Convento de Santo Domingo en Yanhuitlán. | |
| 260 | |a México, |b Instituto Nacional de Antropología e Historia, |c 1962. | ||
| 300 | |a 54 p. |b illus. |c 23 cm. | ||
| 490 | 1 | |a Departamento de Monumentos Coloniales. [Publicaciones] 15 | |
| 500 | |a Half title: Iglesia y ex-Convento de Santo Domingo en Yanhuitlán, Oax. | ||
| 610 | 1 | 0 | |a Yanhuitlán, Mexico. |b Santo Domingo (Church) |
| 610 | 1 | 0 | |a Yanhuitlán, Mexico. |b Santo Domingo (Dominican monastery) |
| 610 | 2 | 0 | |a Templo de Santo Domingo (Yanhuitlán, Mexico) |
| 776 | 0 | 8 | |i Online version: |a Gorbea Trueba, José. |t Yanhuitlán. |d México, Instituto Nacional de Antropología e Historia, 1962 |w (OCoLC)656318002 |
| 810 | 1 | |a Mexico. |b Departamento de Monumentos Coloniales. |t Publicaciones ; |v 15. | |
| 988 | |a 20020608 | ||
| 906 | |0 MH | ||


